La enseñanza para la comprensión: guía para el docente

Bewaard in:
Bibliografische gegevens
Hoofdauteur: Blythe, Tina (Auteur)
Formaat: Boek
Taal:Spaans
Gepubliceerd in: Buenos Aires Paidós 1999
Reeks:Colección Redes en Educación, 2
Onderwerpen:
Tags: Voeg label toe
Geen labels, Wees de eerste die dit record labelt!

MARC

LEADER 00000nam a2200000 a 4500
001 UCP2140
003 CL-VaPUC
008 990507e19990000AG |||||||||||||||||spa|d
082 0 4 |a 371.102  |b BLY  |2 21 
100 0 |a Blythe, Tina  |e author  |9 428637 
245 1 3 |a La enseñanza para la comprensión: guía para el docente 
300 |a 163 p 
942 |c BK 
945 |d 19990507 00:00:00  |a rbrito 
260 |a Buenos Aires  |b Paidós  |c 1999 
650 0 |a Psicología del aprendizaje  |9 306854 
650 0 |a Enseñanza  |9 256457 
583 |a last modification  |c 19990507 00:00:00  |k Rodrigo Vera 
490 0 |a Colección Redes en Educación, 2 
999 |c 280722  |d 280720 
952 |0 0  |1 0  |4 0  |6 371_102000000000000_BLY_1999  |7 0  |8 A  |9 321203  |a FDOPOS  |b FDOPOS  |d 2019-11-20  |i 352261K  |o 371.102 BLY 1999  |p 352261K  |r 2025-01-22  |w 2019-11-20  |y BK  |k MLA 
952 |0 0  |1 0  |4 0  |6 371_102000000000000_BLY_1999  |7 0  |8 A  |9 321204  |a BIBEDU  |b BIBEDU  |d 2019-11-20  |i 3538753  |o 371.102 BLY 1999  |p 3538753  |r 2019-11-20  |w 2019-11-20  |y BK  |k EDU 
952 |0 0  |1 0  |4 0  |6 371_102000000000000_BLY_1999  |7 0  |8 A  |9 321205  |a FDOPOS  |b FDOPOS  |d 2019-11-20  |i 362627K  |o 371.102 BLY 1999  |p 362627K  |r 2025-01-22  |w 2019-11-20  |y BK  |k MLA